000 01107 a2200229 4500
005 20120128145738.0
008 090427t xxu||||| |||| 00| 0 hin d
010 _aB-200809
020 _a8189412035
_c250.00
035 _a B-200809
037 _b
040 _adpl
_bhn
082 _a070.4
100 _aसेंगर, शैलेन्द्र
_940285
245 _aपत्रकारिता कल आज और कल /
_cशैलेन्द्र सेंगर
260 _a दिल्ली
_bआविष्कार प्रकाशन
_c2008
270 _a
_bनई दिल्ली
_c
_e
300 _a240पृ
_c22 सेमी (सजिल्द)
942 _adpl
_cHN
_k
_2ddc
_h070.4
_mसेंगर
999 _c61602
_d61602